| 000 | 00601nam a2200229 a 4500 | ||
|---|---|---|---|
| 999 |
_c4921 _d4921 |
||
| 001 | 4921 | ||
| 003 | BD-JhCC | ||
| 005 | 20171206091815.0 | ||
| 008 | 171205s1963 U dl||| |||| 001 0 eng d | ||
| 035 | _a(BD-JhCC) 4921 | ||
| 040 |
_aBD-JhCC _dBD-JhCC |
||
| 041 | _aeng | ||
| 082 |
_a512.13 _bBET 1963 |
||
| 100 | _aBetting, Alvin k. | ||
| 245 |
_aAlgebra and Trigonometry / _c Alvin k. Betting |
||
| 260 |
_aAmerica : _bInternational Textbook Company, _c1963. |
||
| 300 |
_a356 p. : _bill. ; _c22 cm. |
||
| 650 | _aTrigonometry | ||
| 700 | _aEnglund, John A. | ||
| 942 |
_2ddc _cBK |
||